000 00645nam a2200241Ia 4500
005 20260429111840.0
008 260429s9999||||xx |||||||||||||| ||und||
020 _a9789358993707
041 _aEnglish
082 _a632.3
_bHAS
100 _aHashmi, Mehjabi
245 0 _aCrop diseases and diagnostics /
_cMehjabi Hashmi
250 _a1st ed.
260 _aNew Delhi :
_bElite Publishing House,
_c2024.
300 _avii, 151 p.; hb
650 _a Crop management
650 _aAgriculture
700 _a Choudhary, Sanju
700 _a Deb, Lipa
700 _a Hashmi, Shahnashi
700 _a Huded, Sharanabasav
942 _cTB
999 _c51140
_d51140